Fort Boyard - Statistiques

Statistiques générales
  • Ce quiz a été pris 227 fois
  • Le résultat moyen est 8 sur 25
Statistiques - réponses
Hint Réponse % Correct
De 1994 à 2013, quel personnage, décédé en 2014, sonnait le gong et conduisait en prison les candidats ? La Boule
94%
Quel étai le surnom du personnage, qui a été présent sur le Fort de 1990 à 2009, et tenait un sablier lors de l'énigme du Père Fouras en vigie ? Passe-Temps
59%
Qui a incarné le personnage de Magik, qui proposait une épreuve de fakir ? Magloire
48%
La cellule où il faut déloger une épée porte le nom de l''épée d'Arthur, qui s'appelait... Excalibur
47%
Comment s'appelle actuellement la cellule où le cadidat doit décrocher des seaux d'eau et remplir un réservoir pour obtenir la clef ? La Caserne
45%
Qui a été le premier animateur de "Fort Boyard" de 1990 à 1999 ? Patrice Laffont
45%
Comment se prénommait le pirate ? Jaba
43%
Comment s'appelle la dresseuse de tigres, qui est toujours là malgré la disparition des tigres depuis 2022 ? Félindra
42%
Comment s'appelait l'épreuve qui a été arrêtée, jugée sexiste par les plans très serrés effectués sur les décolletés des candidates ? Les Cylindres
41%
Quel était le prénom du personnage que le candidat devait trouver en suivant un fil ? Ariane
29%
Cette ancienne épreuve, consistant à longer le mur du Fort sur une corniche, était nommée "Le précipice..." extérieur
29%
De 2000 à 2002, à qui Patrice Laffont céda-t-il sa place à l'animation ? Jean-Pierre Castaldi
22%
Qui a coprésenté "Les Clés de Fort Boyard", titre intial de cette émission, avec Patrice Laffont en 1990 ? Marie Talon
22%
Qui a succédé à Marie Talon à la présentation du jeu télé, au côté de Patrice Laffont ? Sophie Davant
22%
Le personnage surnommé "Professeur court-circuit", était "le vendeur d'..." indices
21%
En 1998, quel personnage féminin succéda à "La Sauvageonne" ? La Bohémienne
21%
Gilles Arthur y a souvent incarné le magicen dans une épreuve qui consistait à jouer au... bonneteau
20%
Comment s'appelait cette épreuve dans laquelle il fallait mettre des vases dans un pot sans les casser ? Les baguettes
20%
Quel était le prénom de la lutteuse de 1990 à 2006, avant que "Lady Boo" n'apparaisse à partir de 2011 ? Pénélope Gadoue
17%
Quelle ex-Miss France remplaça Sophie Davant pour coanimer avec Patrice Laffont ce jeu d'aventure ? Valérie Pascale
15%
De 2006 à 2009, qui sera la dernière coanimatrice, avant qu'Olivier Minne ne présente seul "Fort Boyard" ? Anne-Gaëlle Riccio ?
14%
De 1993 à 2002, qui prit la place de Valérie Pascale à la coanimation de cette émission estivale ? Cendrine Dominguez
14%
Quel jeu où il fallait escalader, disparu en 2006, portait le nom d'un sommet haut de 8 848 mètres.? L'Everest
12%
À partir de 2003, Olivier Minne prend les rênes de ce jeu avec la fille d'un réalisateur français qui s'appelle... Sarah Lelouch
11%
Jusqu'en 2017, dans cette cellule, le candidat devait aller chercher la clé en mettant ses pieds dans des... étriers
2%
Aucun quiz correspondant
Distribution des résultats
% des personnes avec chaque résultat
Percentile par nombre de réponses
Votre historique - résultats
Vous n’avez pas pris ce quiz